| 000 | 00661cam a22002172 4500 | ||
|---|---|---|---|
| 001 | 0000019359 | ||
| 005 | 20151021151132.0 | ||
| 008 | 101111s xx 000 0 eng d | ||
| 020 | _a0538755350 | ||
| 040 |
_aKABU _cKABU |
||
| 100 | 1 |
_aNeedles, Belverd E. _@0000151783 |
|
| 245 | 1 | 0 |
_aFinancial accounting principles / _cBelverd E. Needles, Marian Powers. |
| 250 | _a11th ed. | ||
| 260 |
_aBoston : _bHoughton Mifflin, _c2011. |
||
| 300 | _axxix, 809 p. | ||
| 650 | 0 |
_aAccounting. _@0000148321 |
|
| 700 | 1 |
_aPowers, Marian. _@0000151901 |
|
| 852 | 1 | _9p5590 KES | |
| 908 | _a101111 | ||
| 950 | _@1 | ||
| 999 |
_c1054 _d1054 |
||